| 000 | 00802nam a2200229 a 4500 | ||
|---|---|---|---|
| 005 | 20231024063553.0 | ||
| 008 | 991125s1972 mx 000 0 spa u | ||
| 020 | _a9681200985 | ||
| 035 | _aUPN01000039271 | ||
| 049 | _aCG | ||
| 050 | 4 |
_aHD9574 M6 _bM4.4 1972 |
|
| 100 | 1 |
_aMeyer Cosío, Lorenzo F., _d1942- |
|
| 245 | 1 | 0 |
_aMéxico y los Estados Unidos en el conflicto petrolero, 1917-1942 / _cLorenzo Meyer. |
| 250 | _a2a ed. correg. y aum. | ||
| 260 |
_aMéxico : _bEl Colegio de México, _c1972. |
||
| 300 | _a503 p. | ||
| 440 | 0 |
_aCentro de Estudios Internacionales ; _v5 |
|
| 650 | 4 |
_aPetroleo _xIndustria y comercio _zMéxico _97229 |
|
| 651 | 4 |
_aESTADOS UNIDOS - _xRELACIONES (GENERALES) CON MEXICO _924021 |
|
| 651 | 4 |
_aMEXICO - _xRELACIONES (GENERALES) CON ESTADOS UNIDOS |
|
| 905 | _aLibro | ||
| 999 |
_c39271 _d39271 |
||